| 000 | 01571cam a2200409Ii 4500 | ||
|---|---|---|---|
| 001 | DIGMARCOM0104 | ||
| 003 | NyNyDIG | ||
| 008 | 130608t20042004sp a ob 000 0 spa d | ||
| 006 | m o d | ||
| 007 | cr ||||||||||| | ||
| 040 |
_aDGITA _beng _erda _epn _cDGITA |
||
| 020 | _z8426713505 | ||
| 020 | _z9788426713506 | ||
| 035 | _a(OCoLC)847371209 | ||
| 050 | 1 | 4 | _aTK2000 eBook |
| 100 | 1 |
_aCiumbulea, Gloria Stefania, _eauthor. |
|
| 245 | 1 | 0 |
_aMáquinas y accionamientos eléctricos / _cGloria Stefania Ciumbulea, Luis Guasch Pesquer. |
| 264 | 1 |
_aBarcelona : _bMarcombo S.A., _c[2004] |
|
| 264 | 4 | _c©2004 | |
| 300 |
_a1 online resource (176 pages) : _billustrations. |
||
| 336 |
_atext _btxt _2rdacontent |
||
| 337 |
_acomputer _bc _2rdamedia |
||
| 338 |
_aonline resource _bcr _2rdacarrier |
||
| 500 | _a"¡Test de autoevaluación en cada capítulo!"--Cover. | ||
| 504 | _aIncludes bibliographical references. | ||
| 588 | 0 | _aOnline resource; title from ePub and PDF title page (Digitalia, viewed July 26, 2014) | |
| 650 | 0 | _aElectric machinery. | |
| 650 | 0 | _aElectrical engineering. | |
| 655 | 0 | _aElectronic books. | |
| 700 | 1 |
_aGuasch Pesquer, Luis, _eauthor. |
|
| 791 | 2 |
_aDigitalia (Firm), _edistributor. |
|
| 793 | 0 |
_gDigitalia eBook Collection: _aMarcombo. |
|
| 776 | 0 | 8 |
_iPrint version: _aCiumbulea, Gloria Stefania. _tMáquinas y accionamientos eléctricos. _dBarcelona : Marcombo, [2004] _z8426713505 |
| 856 | 4 | 0 |
_3Digitalia Hispánica _uhttps://www.digitaliapublishing.com/a/17220/ |
| 910 | _aPremium Collection: 2013 | ||
| 942 | _cRAA | ||
| 999 |
_c235220 _d235220 |
||